000 00625nam a2200205Ia 4500
003 OSt
005 20230415091823.0
008 210423s2001 xx 000 0 und d
020 _a9780521785525
040 _cAL
041 _aeng
082 _a808.1
_223
_bHOLV
100 _aHOLMES ( Vicki L);MOULTON ( Margaret R).
_988600
245 _aWriting simple poems: pattern poetry for language acquisition.
260 _aNew Delhi
_bCambridge University Press
_c2001
300 _aviii,154
_bPB
365 _b1280
_cINR
906 _aacquisition ; language ; pattern ; poems: ; poetry ; simple ; Writing
942 _2ddc
_cBK
999 _c157511
_d157511